El nuevo estatuto filiativo y las modificaciones al derecho sucesorio, a la luz de las normas y principios a la ley n§ 19.585

Na minha lista:
Detalhes bibliográficos
Autor Corporativo: Servicio Nacional de la Mujer (Author)
Formato: Livro
Idioma:espanhol
Publicado em: Santiago LOM 1999
Colecção:Cursos y Manuales
Assuntos:
Tags: Adicionar Tag
Sem tags, seja o primeiro a adicionar uma tag!

MARC

LEADER 00000nam a2200000 a 4500
001 UCO1916
003 CL-VaPUC
008 000525e19990000CL |||||||||||||||||spa|d
082 0 4 |a 346.015  |b SER  |2 21 
110 2 |a Servicio Nacional de la Mujer  |e author  |9 444478 
245 1 3 |a El nuevo estatuto filiativo y las modificaciones al derecho sucesorio, a la luz de las normas y principios a la ley n§ 19.585 
300 |a 200 p 
942 |c BK 
945 |d 20000525 00:00:00  |a vberengu 
260 |a Santiago  |b LOM  |c 1999 
650 0 |a Derecho sucesorio  |9 255015 
650 0 |a Filiación  |9 256647 
650 0 |a Peternidad  |9 254922 
650 0 |a Patria potestad  |9 369365 
650 7 |a RELACIONES PADRES-HIJOS  |2 CL-VaPUC  |9 308185 
583 |a last modification  |c 20000525 00:00:00  |k Rodrigo Vera 
490 0 |a Cursos y Manuales 
999 |c 288484  |d 288482 
952 |0 0  |1 0  |4 0  |6 346_015000000000000_SER_1999  |7 0  |8 A  |9 336171  |a BIBDER  |b BIBDER  |d 2019-11-20  |i 3604659  |o 346.015 SER 1999  |p 3604659  |r 2023-01-25  |w 2019-11-20  |y BK  |k DER 
952 |0 0  |1 0  |4 0  |6 346_015000000000000_SER_1999  |7 0  |8 A  |9 336172  |a BIBDER  |b BIBDER  |d 2019-11-20  |i 366578K  |o 346.015 SER 1999  |p 366578K  |r 2023-01-25  |w 2019-11-20  |y BK  |k DER